| 000 | 00410nam a2200157 i 4500 | ||
|---|---|---|---|
| 001 | 33920 | ||
| 003 | ES-MaACL | ||
| 005 | 20230906154838.0 | ||
| 007 | t| | ||
| 008 | 030203s1973 sp ||||1| spa d | ||
| 100 | 1 |
_aBochaca, Joaquín. _929670 |
|
| 245 | 1 | 3 |
_aLa finanza y el poder / _cJoaquín Bochaca. |
| 260 |
_aMadrid : _bNos, _c1973. |
||
| 300 |
_a63 p. ; _c22 cm. |
||
| 852 |
_aES-MaACL _jC-55470 _bR.88074 |
||
| 999 |
_c33920 _d33920 |
||